Actor- Conan Gray (Lyrics) - Statistics

General Stats
  • This quiz has been taken 104 times
  • The average score is 269 of 317
Answer Stats
Part Lyrics % Correct
I
98%
"I
98%
a
95%
Verse 2 A
95%
No
95%
the
95%
The
95%
you
95%
You
95%
me
93%
on
93%
your
93%
actor
92%
an
92%
And
92%
and
92%
it
92%
know
92%
But
90%
but
90%
in
90%
In
90%
just
90%
to
90%
you're
90%
You're
90%
away
89%
bells
89%
better
89%
church
89%
day
89%
episode
89%
For
89%
much
89%
of
89%
ringing
89%
spent
89%
stop
89%
summer
89%
than
89%
tried
89%
undead
89%
wedding
89%
While
89%
won't
89%
being
87%
drinking
87%
feeling
87%
go
87%
manic
87%
Verse 1 Nobody
87%
nobody
87%
saw
87%
that
87%
when
87%
When
87%
agree
85%
didn't
85%
even
85%
ever
85%
friend
85%
Bridge If
85%
my
85%
nothing
85%
pretend
85%
all
84%
Blame
84%
erased
84%
happened
84%
hotel
84%
said
84%
us
84%
well
84%
wouldn't
84%
asked
82%
can
82%
Conan?"
82%
friends
82%
fucking
82%
hide
82%
him"
82%
it's
82%
lie
82%
Oh
82%
talked
82%
Tell
82%
There's
82%
whole
82%
barely
80%
lobby
80%
love
80%
mine
80%
never
80%
one
80%
react
80%
say
80%
show
80%
side
80%
some
80%
TV
80%
bad
79%
cared
79%
she's
79%
take
79%
can't
77%
girl
77%
"Have
77%
July
77%
left
77%
Post-Chorus Let's
77%
meet
77%
she'll
77%
where
77%
you've
77%
cry
75%
damn
75%
life
75%
world's
75%
alive
74%
April
74%
our
74%
out
74%
table
74%
way
74%
went
74%
feet
72%
kept
72%
sweatshirt
72%
under
72%
with
72%
bruises
70%
Like
70%
wondered
70%
believe
69%
face
69%
leaving
69%
necks
69%
kicking
67%
saving
67%
coat
66%
'Cause
64%
now
64%
white
62%
discovered
61%
I'm
61%
nose
61%
wind
61%
ago
59%
blows
59%
check
57%
lives
56%
Intro Ah
52%
ah
52%
mm
34%
No matching quizzes found
Score Distribution
Percent of People with Each Score
Percentile by Number Answered
Your Score History
You have not taken this quiz